Nghiên cứu chế độ phân bón vô cơ cho tổ hợp dâu lai TBL-03 tại Lâm Đồng

Gardado en:
Detalles Bibliográficos
Autor Principal: Lê, Quý Tuỳ
Outros autores: Lê, Quang Tú
Formato: Libro
Idioma:Undetermined
Những chủ đề:
Acceso en liña:http://lrc.tdmu.edu.vn/opac/search/detail.asp?aID=2&ID=27111
Các nhãn: Engadir etiqueta
Sen Etiquetas, Sexa o primeiro en etiquetar este rexistro!
Thư viện lưu trữ: Trung tâm Học liệu Trường Đại học Thủ Dầu Một
LEADER 00693nam a2200157Ia 4500
001 TDMU_27111
008 210410s9999 xx 000 0 und d
082 |a 378.17 
100 |a Lê, Quý Tuỳ 
245 0 |a Nghiên cứu chế độ phân bón vô cơ cho tổ hợp dâu lai TBL-03 tại Lâm Đồng 
245 0 |c Lê Quý Tuỳ, Lê Quang Tú 
300 |a Tr.39-45 
650 |a Nông - Lâm - Nghiệp; Dâu lai TBL-03; Tổ hợp dâu lai TBL-03; Tằm; Kén; Lâm Đồng 
700 |a Lê, Quang Tú 
856 |u http://lrc.tdmu.edu.vn/opac/search/detail.asp?aID=2&ID=27111 
980 |a Trung tâm Học liệu Trường Đại học Thủ Dầu Một